From Gender to Nation (Record no. 14415)

MARC details
000 -LEADER
fixed length control field 00534nam a2200229 a 4500
020 ## - INTERNATIONAL STANDARD BOOK NUMBER
ISBN 8186706682
082 00 - DEWEY DECIMAL CLASSIFICATION NUMBER
Classification number 305.3
Author Cutter IVE
100 ## - MAIN ENTRY--AUTHOR NAME
Author name Ivekovic, Rada
245 ## - TITLE STATEMENT
Title From Gender to Nation
260 ## - PUBLICATION, DISTRIBUTION, ETC. (IMPRINT)
Place of publication Delhi
Name of publisher Zubaan
Year of publication 2004
300 ## - PHYSICAL DESCRIPTION
Number of Pages 226p
500 ## - GENERAL NOTE
General note includes index and biblioraphy
505 2# - FORMATTED CONTENTS NOTE
Formatted contents note index
650 ## - SUBJECT ADDED ENTRY--TOPICAL TERM
Topical Term Gender Roles
942 ## - ADDED ENTRY ELEMENTS (KOHA)
Koha item type Books
Holdings
Collection code Home library Current library Date acquired Cost, normal purchase price Full call number Accession Number Koha item type
  Henry Martyn Institute Library Henry Martyn Institute Library 06/23/2008 350.00 305.3 IVE 022440 Books
                   Copyright © 2026 | Henry Martyn Institute | Hyderabad | TS-500052 | INDIA | Implemented by hmi.edu.in
Hit-Count:

Powered by Koha